LEADER 01343nam2 22003133i 450 001 CAM0011429 005 20170908093318.0 100 $a20140701d1978 ||||0itac50 ba 101 | $aita 102 $ait 181 1$6z01$ai $bxxxe 182 1$6z01$an 200 1 $a˜Il œsinodo diocesano$ela chiesa di Napoli in ascolto dello spirito$elettera pastorale del card. Corrado Ursi per il sinodo diocesano$fArchidiocesi di Napoli 210 $a[S. l.$cs. n.]$d1978 215 $a32 p.$d24 cm 300 $aEstratto dalla rivistra diocesana "Ianuarius", maggio 1978 461 1$1001NAP0067161$12001 $aIanuarius$erivista diocesana di Napoli$eufficiale per gli atti dell'Arcivescovo e della Curia 702 1$aUrsi$b, Corrado$3CFIV048148 710 02$aArcidiocesi di Napoli$3NAPV101431$4070$0743779 791 02$aDiocesi di Napoli$3NAPV123094$zArcidiocesi di Napoli 791 02$aNapoli$c $3RMLV075123$zArcidiocesi di Napoli 791 02$aNapoli$c $3SBNV036003$zArcidiocesi di Napoli 801 3$aIT$bIT-NA0079$c20140701 850 $aIT-AV0045 912 $aCAM0011429 950 2$aBiblioteca Statale di Montevergine$d MVO 012. 052$e MV 0000959425 B FD 1 op$fP $h20140701$i20140701 977 $a MV 996 $aSinodo diocesano$91485809 997 $aUNISANNIO LEADER 01489nam 2200385 450 001 9910135903003321 005 20231207080855.0 010 $a0-7381-5596-9 024 7 $a10.1109/IEEESTD.2007.4293271 035 $a(CKB)3780000000089914 035 $a(NjHacI)993780000000089914 035 $a(EXLCZ)993780000000089914 100 $a20231207d2007 uy 0 101 0 $aeng 135 $aur||||||||||| 181 $ctxt$2rdacontent 182 $cc$2rdamedia 183 $acr$2rdacarrier 200 10$a1015-2006/Cor 1-2007 $eIEEE Recommended Practice for Applying Low Voltage Circuit Breakers Used in Industrial and Commercial Power Systems - Corrigendum 1 /$fInstitute of Electrical and Electronics Engineers 210 1$aNew York, NY, USA :$cIEEE,$d2007. 215 $a1 online resource (iv, 3 pages) 330 $aTo correct technical omission/errors to IEEE Std 1015trade-2006. 517 $aIEEE Std 1015-2006/Cor 1-2007 (Corrigendum to IEEE Std 1015-2006): IEEE Recommended Practice for Applying Low Voltage Circuit Breakers Used in Industrial and Commercial Power Systems - Corrigendum 1 517 $aIEEE Std 1015-2006/Cor 1-2007 606 $aElectric circuit-breakers 606 $aElectric power systems 615 0$aElectric circuit-breakers. 615 0$aElectric power systems. 676 $a621.317 801 0$bNjHacI 801 1$bNjHacl 906 $aDOCUMENT 912 $a9910135903003321 996 $a1015-2006$93646360 997 $aUNINA